| 000 | 01002nam a2200241 i 4500 | ||
|---|---|---|---|
| 001 | bg | ||
| 245 | 1 | 0 |
_aTransformacja zdegradowanych struktur przestrzennych metropolii polskich / _cpod red. Tomasza Parteki. |
| 260 |
_aWarszawa : _bKPZK PAN, _c2005. |
||
| 300 |
_a458, [1] s. : _bfot., mapy, pl. ; _c21 cm. |
||
| 490 | 1 |
_aBiuletyn / Polska Akademia Nauk. Komitet Przestrzennego Zagospodarowania Kraju, _x0079-3493 ; _vz.223 |
|
| 500 | _aTyt. równol.: "Transformation of degraded spatial structures of polish metropolises". Streszcz. ang. | ||
| 504 | _aBibliogr. przy pracach. | ||
| 650 | 9 |
_aMetropolie (urban.) _xplanowanie przestrzenne _zPolska _yod 2001 r. |
|
| 700 | 1 |
_aPARTEKA, Tomasz. _eRed. |
|
| 830 | 0 |
_aBiuletyn (Polska Akademia Nauk. Komitet Przestrzennego Zagospodarowania Kraju) ; _vz.223 |
|
| 020 | _a8389693755 | ||
| 040 | _cBPK | ||
| 041 | 0 |
_apol _beng |
|
| 080 | _a711.4/.8(438)"2001/..." | ||
| 920 | _a83-89693-75-5 | ||
| 942 | _cKS | ||
| 008 | s pl f |000 0 pol | ||
| 999 |
_c51428 _d51428 |
||
| 856 |
_uhttp://koha.tu.koszalin.pl/cgi-bin/koha/opac-detail.pl?biblionumber=51428 _yKatalog online BPK |
||